Normal view
MARC view
- Baxter, B
Entry Personal Name
001 - CONTROL NUMBER
- control field: 7318
003 - CONTROL NUMBER IDENTIFIER
- control field: OSt
005 - DATE AND TIME OF LATEST TRANSACTION
- control field: 20250320155921.0
008 - FIXED-LENGTH DATA ELEMENTS
- fixed length control field: 250320|| aca||aabn | a|a d
040 ## - CATALOGING SOURCE
- Original cataloging agency: OSt
- Transcribing agency: OSt
100 ## - HEADING--PERSONAL NAME
- Personal name: Baxter, B
670 ## - SOURCE DATA FOUND
- Source citation: Work cat.: (OSt)6032: Baxter, B ., Naval architecture / , 1959.
